LEADER 02343nam 2200493 450 001 9910796110003321 005 20230803214937.0 010 $a84-92619-95-3 035 $a(CKB)3790000000025485 035 $a(EBL)2086197 035 $a(SSID)ssj0001517410 035 $a(PQKBManifestationID)12496914 035 $a(PQKBTitleCode)TC0001517410 035 $a(PQKBWorkID)11500807 035 $a(PQKB)10180333 035 $a(MiAaPQ)EBC2086197 035 $a(Au-PeEL)EBL2086197 035 $a(OCoLC)914152946 035 $a(EXLCZ)993790000000025485 100 $a20200122d2014 uy 0 101 0 $aspa 135 $aur|n|---||||| 181 $ctxt 182 $cc 183 $acr 200 14$aLas mudanzas del cante en tiempo de silverio $eana?lisis histo?rico-musical de su escuela de cante /$fGuillermo Castro Buendi?a 210 1$aBarcelona :$cEdiciones Carena,$d2014. 215 $a1 online resource (722 p.) 225 0 $aFlamenco Las mudanzas del cante en tiempos de Silverio 300 $aDescription based upon print version of record. 320 $aIncludes bibliographical references. 327 $aPortada; Ti?tulo; Pro?logo; Prea?mbulo; Capi?tulo I: Consideraciones previas; I.1. La importancia de los registros sonoros y el papel de Silverio Franconetti; I.2. Sobre la terminologi?a del flamenco; II. Capi?tulo II. Corpus musical; II.1. La transcripcio?n de la mu?sica flamenca; II.2. Fundamentos de la mu?sica flamenca; III. Capi?tulo III. Los estilos; III.1. Cantes sin guitarra; III.2. Peteneras; III.3. Can?a y Polo; III.4. Liviana y Serrana; III.5. Seguiriyas; III.6. Soleares; III.6.9. Ape?ndice; III.7. Los Fandangos; III.7.5. Seleccio?n de grabaciones; Epi?logo; Bibliografi?a; Discografi?a; Videografi?a 327 $aGlosario de te?rminos flamencos y de otra i?ndoleAgradecimientos; Otros ti?tulos del mismo editor; ¿Le ha gustado este libro?; Copyright 606 $aFlamenco music$zSpain$xHistory and criticism 615 0$aFlamenco music$xHistory and criticism. 676 $a781.62610468 700 $aCastro Buendi?a$b Guillermo$f1973-$01544181 801 0$bMiAaPQ 801 1$bMiAaPQ 801 2$bMiAaPQ 906 $aBOOK 912 $a9910796110003321 996 $aLas mudanzas del cante en tiempo de silverio$93798156 997 $aUNINA LEADER 03682oam 2200889 c 450 001 9910961243103321 005 20260408080230.0 010 $a3-657-73247-0 024 7 $a10.30965/9783657732470 035 $a(CKB)4920000000126198 035 $a(nllekb)BRILL9783657732470 035 $a(MiAaPQ)EBC6516642 035 $a(Au-PeEL)EBL6516642 035 $a(OCoLC)1243542040 035 $a(Brill | Scho?ningh)9783657732470 035 $a(Brill | Schöningh)9783657732470 035 $a(EXLCZ)994920000000126198 100 $a20260408d2019 uy 0 101 0 $ager 135 $aurun####uuuua 181 $ctxt$2rdacontent 182 $cn$2rdamedia 183 $2rdacarrier 200 10$aLondon 1916$eDie vergessene Luftschlacht$fFrederik C. Gerhardt 205 $a1st ed. 210 $aPaderborn$cBrill | Schöningh$d2019 215 $a1 online resource 225 0 $aSchlachten - Stationen der Weltgeschichte Series 311 08$a3-506-73247-1 327 $aPreliminary Material -- Prolog -- Vorgeschichte und Kontext: Der Himmel als Schlachtfeld -- Luftkampf über der Metropole -- Bedeutung der Luftkämpfe: ?The end of the beginning? -- Erinnerungen an die Luftkämpfe: ?The sight of my life? -- Epilog -- Anmerkungen -- Abbildungen -- Karten -- Zeittafel -- Quellen- und Literaturverzeichnis -- Abkürzungen -- Abbildungsnachweis -- Personenregister. 330 $aIm Spätsommer 1916 trafen hoch über London deutsche Zeppeline als die ersten Langstreckenbomber der Geschichte auf die Jagd?ugzeuge der britischen Armee und Marine. Die Luftkämpfe von 1916 markieren den Höhepunkt und den Anfang vom Ende des ersten strategischen Bombenfeldzuges. Frederik Gerhardt beschreibt, wie u. a. die rasche Entwicklung der Luftfahrt dazu führte, dass man nunmehr in der Lage war, Produktionsstätten, Verkehrswege und Zivilbevölkerung anzugreifen. In Deutschland als Wunderwaffe gefeiert, wurden die Zeppeline in England aufgrund der Bombardierung von Zivilisten, Frauen und Kindern als sogenannte ?Baby Killers? aufs Schärfste verurteilt. Die Luftangriffe trugen zusammen mit dem Einsatz von Giftgas bei Ypern und der Versenkung des Passagierdampfers Lusitania wesentlich dazu bei, das Bild der Deutschen als ?barbarische Hunnen? zu formen. 410 0$aSchlachten ? Stationen der Weltgeschichte. 606 $aErster Weltkrieg 606 $aStrategischer Luftkrieg 606 $aStrategische Bombenangriffe 606 $aZeppelin 606 $aLuftfahrt 606 $aLuftschiff 606 $aLuftverteidigung 606 $aHunnen 606 $aErich Ludendorff 606 $aThe First Blitz 606 $aAir Defence 606 $aHome Front 606 $aAerial Bombing 606 $aStrategic Bombing 606 $aAirship 606 $aWW1 606 $aGreat War 606 $aWilliam Leefe Robinson 615 4$aErster Weltkrieg 615 4$aStrategischer Luftkrieg 615 4$aStrategische Bombenangriffe 615 4$aZeppelin 615 4$aLuftfahrt 615 4$aLuftschiff 615 4$aLuftverteidigung 615 4$aHunnen 615 4$aErich Ludendorff 615 4$aThe First Blitz 615 4$aAir Defence 615 4$aHome Front 615 4$aAerial Bombing 615 4$aStrategic Bombing 615 4$aAirship 615 4$aWW1 615 4$aGreat War 615 4$aWilliam Leefe Robinson 676 $a940.44943 700 $aGerhardt$b Frederik C$4aut$01718648 801 0$bMiAaPQ 801 1$bMiAaPQ 801 2$bMiAaPQ 906 $aBOOK 912 $a9910961243103321 996 $aLondon 1916$94115754 997 $aUNINA